Loading...
NOTES ON John Steinbeck's the Pearl /
| Sprog: | Undetermined |
|---|---|
| Udgivet: |
1966.
|
| Serier: | Study aide series
|
| LEADER | 00390nam a2200121Ia 4500 | ||
|---|---|---|---|
| 001 | 44151 | ||
| 008 | 170722s9999 xx 000 0 und d | ||
| 245 | |a NOTES ON John Steinbeck's the Pearl / | ||
| 260 | |c 1966. | ||
| 490 | |a Study aide series | ||
| 942 | |c GEN | ||
| 999 | |c 77644 |d 77644 | ||
| 952 | |0 0 |1 0 |4 0 |6 O_1113N02PG_K4_R |7 0 |9 109402 |a LIB |b LIB |d 2017-08-12 |o O111,3N02,P:g K4 (R) |p 131213 |r 2017-08-12 |w 2017-08-12 |y GEN | ||